000 00999cam a22002533a 4500
001 2173
003 PGUSA
005 20140828083011.0
008 000501s2000||||xxu|||||s|||||000 | eng d
040 _aPGUSA
_beng
042 _adc
050 4 _aDA
100 1 _aBurke, Edmund,
_d1729-1797
245 1 0 _aThoughts on the Present Discontents, and Speeches
_h[electronic resource] /
_cEdmund Burke
260 _bProject Gutenberg,
_c2000
505 0 _aThoughts on the present discontents -- Speech on the Middlesex election -- Speech on the power of juries in prosecutions for libels -- Speech on a bill for shortening the duration of Parliaments -- Speech on reform of representation in the House of Commons.
506 _aPublic domain in the USA.
516 _aElectronic text
653 _aGreat Britain -- Politics and government -- 1760-1789
700 1 _aMorley, Henry,
_d1822-1894
830 0 _aProject Gutenberg
_v2173
856 4 0 _uhttp://www.gutenberg.org/ebooks/2173
942 _cEB
999 _c231511
_d231511